Mixtec Evangelicals (Record no. 353111)
[ view plain ]
| 000 -LEADER | |
|---|---|
| fixed length control field | 00676nam a2200133Ia 4500 |
| 008 - FIXED-LENGTH DATA ELEMENTS--GENERAL INFORMATION | |
| fixed length control field | 171212s9999 xx 000 0 und d |
| 020 ## - INTERNATIONAL STANDARD BOOK NUMBER | |
| International Standard Book Number | 9781607324232 |
| 100 ## - MAIN ENTRY--PERSONAL NAME | |
| Personal name | O'Connor, Mary I. |
| 245 ## - TITLE STATEMENT | |
| Statement of responsibility, etc | O'Connor, Mary I. |
| Title | Mixtec Evangelicals |
| Remainder of title | Globalization, Migration, and Religious Change in a Oaxacan Indigenous Group |
| 260 ## - PUBLICATION, DISTRIBUTION, ETC. (IMPRINT) | |
| Name of publisher, distributor, etc | University Press of Colorado |
| Date of publication, distribution, etc | 2016 |
| 650 ## - SUBJECT ADDED ENTRY--TOPICAL TERM | |
| Topical term or geographic name as entry element | Anthropology |
| 650 ## - SUBJECT ADDED ENTRY--TOPICAL TERM | |
| Topical term or geographic name as entry element | Mixtec Indians -- Mexico -- Oaxaca (State) -- Religion; Mixtec Indians -- Migrations; Return migrants -- Mexico -- Oaxaca (State); Return migration -- Mexico -- Oaxaca (State); Evangelicalism -- Mexico -- Oaxaca (State) |
| 856 ## - ELECTRONIC LOCATION AND ACCESS | |
| Uniform Resource Identifier | <a href="http://jstor.org/stable/j.ctt1gpcbxk">http://jstor.org/stable/j.ctt1gpcbxk</a> |
| Withdrawn status | Lost status | Damaged status | Home library | Current library | Date acquired | Total Checkouts | Full call number | Date last seen | Price effective from | Koha item type |
|---|---|---|---|---|---|---|---|---|---|---|
| College Library | College Library | 12/12/2017 | F1221.M7O37 2016 | 12/12/2017 | 12/12/2017 | Curriculum - Based eBooks |